00855nam a2200217 a 450000100100000000500170001000800410002704000260006808200140009424501270010826000520023530000400028749000350032770000300036270000280039270000310042083000420045104900090049395201180050299900170062000002479220200930023355.0110204s1966 xxua r 000 0 spa d aDO-SdBNPbspacBNBPHU aNNNbF68601aFood and civilization :ba symposium /ccompiled and edited by Seymour M. Farber, Nancy L. Wilson, and Roger H. L. Wilson. aWashington : U.S. :bInformation Agency,c1966. axi, 308, [2] p. :billus. ;c21 cm.1 aVoice of America forum lecture1 aFarber, M. Farber,9508711 aWilson, Nancy L.9508721 aWilson, Roger H. L.950873 0aVoice of America forum lecture950874 aBNGR 001054708MOaGRbGRcCTd2011-02-04iLF1l0oNNN F686p24792-10r2020-06-25w2020-06-25y4ZPréstamo en sala c24285d24285